| Tag |
First Indicator |
Second Indicator |
Subfields |
| LEADER |
00000cam a2200000 4500 |
| 001 |
in00000200023 |
| 005 |
20151009052628.0 |
| 008 |
730111s1964 nyua 00000 eng d |
| 010 |
|
|
|a 64023193
|
| 035 |
|
|
|a (OCoLC)00536118
|
| 035 |
|
|
|9 AAW1402AM
|
| 040 |
|
|
|c WSU
|d TXA
|d UtOrBLW
|
| 041 |
1 |
|
|a eng
|a fre
|
| 049 |
|
|
|a TXAM
|c [407204]
|
| 090 |
|
|
|a N6911
|b .T733
|
| 245 |
0 |
4 |
|a The Splendors of Italy /
|c [Text by Jacqueline Bernard] Pref. by Guglielmo de Angelis d' Ossat. Translated by Geoffrey Braithwaite.
|
| 264 |
|
1 |
|a New York :
|b Putnam,
|c [1964]
|
| 264 |
|
4 |
|c [©1964]
|
| 300 |
|
|
|a 344 pages :
|b illustrations
|
| 336 |
|
|
|a text
|b txt
|2 rdacontent
|
| 337 |
|
|
|a unmediated
|b n
|2 rdamedia
|
| 338 |
|
|
|a volume
|b nc
|2 rdacarrier
|
| 500 |
|
|
|a At head of title: Realities.
|
| 500 |
|
|
|a Translation of l'Italie et ses merveilles.
|
| 650 |
|
0 |
|a Art, Italian
|x History.
|
| 700 |
1 |
|
|a Bernard, Jacqueline.
|
| 730 |
0 |
|
|a Realites.
|
| 999 |
|
|
|a MARS
|
| 999 |
f |
f |
|s ce9e5805-c529-353b-ae17-ca3013b1f5dd
|i cea08ede-bc86-3bbf-a6b4-90d6933901f4
|t 0
|
| 952 |
f |
f |
|p normal
|a Texas A&M University
|b College Station
|c Sterling C. Evans Library
|d Evans: Library Stacks
|t 0
|e N6911 .T733
|h Library of Congress classification
|i unmediated -- volume
|m A14803395451
|
| 998 |
f |
f |
|a N6911 .T733
|t 0
|l Evans: Library Stacks
|